|
|
|
|
| LEADER |
00000caa a2200000 c 4500 |
| 001 |
1465931643 |
| 003 |
DE-627 |
| 005 |
20240705203827.0 |
| 007 |
tu |
| 008 |
131107s1934 xx ||||| o 00| ||ger c |
| 035 |
|
|
|a (DE-627)1465931643
|
| 035 |
|
|
|a (DE-576)395931649
|
| 035 |
|
|
|a (DE-599)BSZ395931649
|
| 040 |
|
|
|a DE-627
|b ger
|c DE-627
|e rakwb
|
| 041 |
|
|
|a ger
|
| 084 |
|
|
|a 1
|2 ssgn
|
| 100 |
1 |
|
|0 (DE-588)116543116
|0 (DE-627)134329473
|0 (DE-576)290629322
|4 aut
|a Clemen, Carl Christian
|d 1865-1940
|
| 109 |
|
|
|a Clemen, Carl Christian 1865-1940
|a Clemen, Carl 1865-1940
|a Clemen, Carolus 1865-1940
|a Clemen, Karl Christian 1865-1940
|a Clemen, Karl 1865-1940
|a Clemen, Christian Carl 1865-1940
|a Clemen, Christian Karl 1865-1940
|
| 245 |
1 |
0 |
|a Studi e materiali di storia delle religioni ; N.F.
|b [Rezension]
|c Carl Clemen
|
| 264 |
|
1 |
|c 1934
|
| 336 |
|
|
|a Text
|b txt
|2 rdacontent
|
| 337 |
|
|
|a ohne Hilfsmittel zu benutzen
|b n
|2 rdamedia
|
| 338 |
|
|
|a Band
|b nc
|2 rdacarrier
|
| 601 |
|
|
|a Rezension
|
| 655 |
|
7 |
|a Rezension
|0 (DE-588)4049712-4
|0 (DE-627)106186019
|0 (DE-576)209083166
|2 gnd-content
|
| 773 |
0 |
8 |
|i In
|t Theologische Literaturzeitung
|d Leipzig : Ev. Verl.-Anst., 1876
|g 59(1934), 22, Seite 393-395
|w (DE-627)129081191
|w (DE-600)3418-6
|w (DE-576)014414023
|x 0040-5671
|7 nnas
|
| 773 |
1 |
8 |
|g volume:59
|g year:1934
|g number:22
|g pages:393-395
|
| 776 |
0 |
8 |
|i Erscheint auch als
|n Online-Ausgabe
|a Clemen, Carl Christian, 1865 - 1940
|t Studi e materiali di storia delle religioni ; N.F.
|d 1934
|w (DE-627)1521195080
|w (DE-576)451195086
|k Electronic
|
| 951 |
|
|
|a AR
|
| ELC |
|
|
|b 1
|
| ITA |
|
|
|a 1
|t 1
|
| LOK |
|
|
|0 000 xxxxxcx a22 zn 4500
|
| LOK |
|
|
|0 001 2772232972
|
| LOK |
|
|
|0 003 DE-627
|
| LOK |
|
|
|0 004 1465931643
|
| LOK |
|
|
|0 005 20131107110845
|
| LOK |
|
|
|0 008 131107||||||||||||||||ger|||||||
|
| LOK |
|
|
|0 040
|a DE-21
|c DE-627
|d DE-21
|
| LOK |
|
|
|0 852
|a DE-21
|
| LOK |
|
|
|0 852 1
|c Gd 114.4-59.1934
|9 00
|
| LOK |
|
|
|0 935
|a ixrz
|a theo
|
| LOK |
|
|
|0 939
|a 07-11-13
|b l01
|
| ORI |
|
|
|a SA-MARC-ixtheoa001.raw
|